|
|
|
|
| LEADER |
00000nab a2200000 a 4500 |
| 001 |
vtls009956630 |
| 003 |
SK-MaSNL |
| 005 |
20260304151927.0 |
| 008 |
250506 1972 xo z p 000 0 slo |
| 015 |
|
|
|a SNBRB1972
|2 snkbucl
|
| 035 |
|
|
|a (uuid)36abf593-9d2b-41d9-98a0-169561d6e851
|
| 035 |
|
|
|a urn:nbn:sk:snk-ab7k9e
|
| 035 |
|
|
|a (urnnbn)urn:nbn:sk:snk:ar-00667b
|
| 040 |
|
|
|a SNKBUCL
|b slo
|c SNKBUCL
|e AACR2
|
| 041 |
0 |
|
|a slo
|
| 044 |
|
|
|a xo
|c SK
|
| 080 |
|
|
|a 798.2.093.1
|2 2001
|
| 100 |
1 |
|
|a Neumann, Přemysl
|4 aut
|9 925478
|
| 245 |
1 |
0 |
|a Mistrovství ČSR v Bohdanči
|b (jazdecké preteky)
|c Přemysl Neumann
|
| 611 |
2 |
7 |
|a Majstrovstvá ČSR v jazde na koni
|d (1972 :
|c Bohdanč, Česko)
|2 snkbucl
|9 1473718
|
| 650 |
0 |
7 |
|a jazdectvo
|2 snkbucl
|9 3225
|
| 773 |
0 |
|
|t Jazdectvo
|g Roč. 20, č. 9 (1972), s. 165
|
| 850 |
|
|
|a Slovenská národná knižnica
|
| 852 |
|
|
|a Slovenská národná knižnica
|
| 954 |
|
|
|a odborná, vedecká literatúra pôvodná (slovenská)
|2 lita
|
| 958 |
|
|
|a article7
|
| 958 |
|
|
|a OND
|
| 958 |
|
|
|a EUIPO
|
| 999 |
|
|
|c 2946421
|d 2948351
|